Water management in a flood prone area: Muzaffarpur district (Bihar) (Record no. 22800)

MARC details
000 -LEADER
fixed length control field 00603nam a2200181Ia 4500
082 ## - DEWEY DECIMAL CLASSIFICATION NUMBER
Classification number TS.1022
100 ## - MAIN ENTRY--AUTHOR NAME
Personal name Sinha, Renu
245 #0 - TITLE STATEMENT
Title Water management in a flood prone area: Muzaffarpur district (Bihar)
260 ## - PUBLICATION, DISTRIBUTION, ETC. (IMPRINT)
Year of publication 2007
Name of publisher T M Bhagalpur University, Bhagalpur
300 ## - PHYSICAL DESCRIPTION
Number of Pages 292
504 ## - BIBLIOGRAPHY, ETC. NOTE
Bibliography, etc includes bibliography
650 ## - SUBJECT ADDED ENTRY--TOPICAL TERM
Topical Term Water in agriculture
Geographic subdivision Bihar
-- Muzaffarpur District
650 ## - SUBJECT ADDED ENTRY--TOPICAL TERM
Topical Term Irrigation
Geographic subdivision Bihar
-- Muzaffarpur District
650 ## - SUBJECT ADDED ENTRY--TOPICAL TERM
Topical Term Agriculture
Geographic subdivision Bihar
-- Muzaffarpur District
650 ## - SUBJECT ADDED ENTRY--TOPICAL TERM
Topical Term Flood Control
Geographic subdivision Bihar
-- Muzaffarpur District
710 ## - ADDED ENTRY--CORPORATE NAME
Corporate name or jurisdiction name as entry element Sharma, Indradeo
942 ## - ADDED ENTRY ELEMENTS (KOHA)
Koha item type Thesis
Source of classification or shelving scheme Dewey Decimal Classification
Holdings
Withdrawn status Lost status Damaged status Not for loan Home library Current library Date acquired Source of acquisition Bill Date Full call number Accession Number Price effective from Koha item type
        NASSDOC Library NASSDOC Library 23/03/2010 Gifted by : Fellowship Division, ICSSR 2009-09-24 TS.1022 46146 18/04/2019 Thesis